Statistics for Argentina to South Africa through Singapore and Estonia

Click here to take the quiz!

General Stats

  • This quiz has been taken 1,077 times
  • The average score is 36 of 42

Answer Stats

HintAnswer% Correct
Brazil
100%
Colombia
95%
Costa Rica
94%
Panama
94%
Canada
93%
Guatemala
93%
Honduras
93%
Mexico
93%
Nicaragua
93%
United States
93%
Via Bering StraitRussia
92%
China
91%
Malaysia
90%
Myanmar / Laos
90%
United States
90%
Malaysia
89%
Thailand
89%
Myanmar / Laos
88%
Thailand
88%
China
87%
Iran
85%
Afghanistan / Pakistan
84%
Belarus / Lithuania
84%
Latvia
84%
Latvia
84%
Via Strait of GibraltarMorocco
84%
Poland
84%
Spain
84%
Turkey
84%
Belarus
83%
Bulgaria
83%
France
83%
Germany
83%
Romania
83%
Ukraine
83%
Algeria
82%
Namibia / Botswana / Mozambique / Zimbabwe
81%
Niger / Libya
81%
Angola / Zambia / Tanzania
79%
Chad
79%
Democratic Republic of the Congo
79%
Central African Republic
78%

Score Distribution

Percentile by Number Answered

Percent of People with Each Score

Your Score History

You have not taken this quiz